00978nam a2200229 a 450000100100000000500170001000800410002702000180006804000250008608200200011110000450013124501190017626000490029530000210034459000270036565000290039265000310042191000370045295201180048995201240060799900170073100004112220240412074300.0130918s2012 dr 000 j spa d a9789945475302 aDO-SdBNPbspacBNPHU aRD863.44bM313c1 aMarcallé Abreu, Roberto,d1948-92923510aConfidencias en torno al oscuro destino de la única mujer fatal :bcuentos reunidos /cRoberto Marcallé Abreu. aSanto Domingo :bEdiciones Ferilibro,c2012. a602 p. ;c23 cm. aInventariado, 2020 /LP 0aCuentos dominicanos9176 0aLiteratura dominicana.967 aValidado. Control de calidad MFF 0010718PDaPDbPDcHDd2013-09-18iLF1l0oRD863.44 M313cp41122-10r2020-06-25w2020-06-25yLFPDZNo se presta 0010718PDaPDbPDcHDd2014-12-11iLF1l0oRD863.44 M313cp41122-20r2020-06-25te. 2w2020-06-25yLFPDZNo se presta c40612d40612